[Event "Toronto NAYCC U08 Girls"]
[Site "Toronto"]
[Date "2013.08.16"]
[Round "4"]
[White "Radin, Paige"]
[Black "Levkov, Sabina"]
[Result "1-0"]
[WhiteElo "657"]
[BlackElo "451"]
[PlyCount "43"]
[EventDate "2013.08.14"]
[EventType "swiss"]
[EventRounds "9"]
[EventCountry "CAN"]
[SourceTitle "EXT 2022"]
[Source "ChessBase"]
[SourceDate "2021.10.06"]
[SourceVersion "1"]
[SourceVersionDate "2021.10.06"]
[SourceQuality "1"]

1. e4 e5 2. Nf3 Nc6 3. Nc3 Nf6 4. Bc4 Bc5 5. d3 d6 6. Bg5 Bg4 7. Qe2 0-0 8. 0-0-0 Nd4 9. Qf1 Nxf3 10. gxf3 Bxf3 11. Bxf6 Qxf6 12. Qh3 Bxd1 13. Rxd1 Bxf2 14. Nd5 Qg5+ 15. Kb1 Rac8 16. a3 c6 17. Nc3 Bd4 18. Rf1 Bxc3 19. bxc3 c5 20. Rxf7 Rxf7 21. Qxc8+ Qd8 22. Qxd8# 1-0